No more excuses : (Record no. 6281)
[ view plain ]
| 000 -LEADER | |
|---|---|
| fixed length control field | 00669cam a2200241 a 4500 |
| 001 - CONTROL NUMBER | |
| control field | 34115464 |
| 003 - CONTROL NUMBER IDENTIFIER | |
| control field | OCoLC |
| 005 - DATE AND TIME OF LATEST TRANSACTION | |
| control field | 20190116144400.0 |
| 008 - FIXED-LENGTH DATA ELEMENTS--GENERAL INFORMATION | |
| fixed length control field | 960117s1996 ilu 000 0 eng |
| 010 ## - LIBRARY OF CONGRESS CONTROL NUMBER | |
| LC control number | 96004894 //r96 |
| 020 ## - INTERNATIONAL STANDARD BOOK NUMBER | |
| International Standard Book Number | 0891078967 |
| 040 ## - CATALOGING SOURCE | |
| Original cataloging agency | DLC |
| Transcribing agency | DLC |
| 050 00 - LIBRARY OF CONGRESS CALL NUMBER | |
| Classification number | BV4528.2 |
| Item number | .E92 1996 |
| 082 00 - DEWEY DECIMAL CLASSIFICATION NUMBER | |
| Classification number | 248.8 |
| Edition number | 20 |
| Item number | E92N |
| 100 10 - MAIN ENTRY--PERSONAL NAME | |
| Personal name | Evans, Anthony T |
| 245 10 - TITLE STATEMENT | |
| Title | No more excuses : |
| Remainder of title | be the man God made you to be / |
| Statement of responsibility, etc. | Tony Evans |
| 260 ## - PUBLICATION, DISTRIBUTION, ETC. | |
| Place of publication, distribution, etc. | Wheaton, Ill. : |
| Name of publisher, distributor, etc. | Crossway Books, |
| Date of publication, distribution, etc. | c1996 |
| 300 ## - PHYSICAL DESCRIPTION | |
| Extent | 319 p. ; |
| Dimensions | 24 cm |
| 500 ## - GENERAL NOTE | |
| General note | "Renaissance productions." |
| 650 #0 - SUBJECT ADDED ENTRY--TOPICAL TERM | |
| Topical term or geographic name entry element | Men |
| General subdivision | Religious life |
| 650 #0 - SUBJECT ADDED ENTRY--TOPICAL TERM | |
| Topical term or geographic name entry element | Men (Christian theology) |
| 942 ## - ADDED ENTRY ELEMENTS (KOHA) | |
| Source of classification or shelving scheme | Dewey Decimal Classification |
| Koha item type | Books |
| Withdrawn status | Lost status | Source of classification or shelving scheme | Damaged status | Not for loan | Collection code | Home library | Current library | Shelving location | Date acquired | Cost, normal purchase price | Total Checkouts | Full call number | Barcode | Date last seen | Price effective from | Koha item type |
|---|---|---|---|---|---|---|---|---|---|---|---|---|---|---|---|---|
| Dewey Decimal Classification | Non-fiction | Harvest Mission College | Harvest Mission College | General Stacks | 16.01.2019 | 3650.00 | 248.8 E92N | 006881 | 16.01.2019 | 16.01.2019 | Books | |||||
| Dewey Decimal Classification | Harvest Mission College | Harvest Mission College | 30.11.2022 | 248.8 E92N | 012989 | 30.11.2022 | 30.11.2022 | Books |
